История экономических учений: учебное пособие

Dettagli Bibliografici
Autore principale: Потапова И. С. Ирина Семеновна
Ente Autore: Московский государственный индустриальный университет (МГИУ) Институт дистанционного образования
Riassunto:Для студентов экономических специальностей, профессорско-преподавательского состава, слушателей учреждений системы высшего и послевузовского профессионального образования, предпринимателей, работников экономико-правовых и кадровых служб, а также заинтересованных граждан.
Lingua:russo
Pubblicazione: Москва, Изд-во МГИУ, 2006
Edizione:2-е изд., стер.
Soggetti:
Natura: MixedMaterials Libro
KOHA link:https://koha.lib.tpu.ru/cgi-bin/koha/opac-detail.pl?biblionumber=105194

MARC

LEADER 00000nam0a2200000 4500
001 105194
005 20231101214608.0
010 |a 527600837X 
035 |a (RuTPU)RU\TPU\book\113476 
090 |a 105194 
100 |a 20061114d2006 m y0rusy50 ca 
101 0 |a rus 
102 |a RU 
105 |a y j 001zd 
200 1 |a История экономических учений  |e учебное пособие  |f И. С. Потапова  |g Московский государственный индустриальный университет; Институт дистанционного образования 
205 |a 2-е изд., стер. 
210 |a Москва  |c Изд-во МГИУ  |d 2006 
215 |a 244 с. 
320 |a Библиогр.: с. 243. 
330 |a Для студентов экономических специальностей, профессорско-преподавательского состава, слушателей учреждений системы высшего и послевузовского профессионального образования, предпринимателей, работников экономико-правовых и кадровых служб, а также заинтересованных граждан. 
600 1 |a Кенэ  |b Ф.  |c французский экономист  |c основоположник школы физиократов  |f 1694-1774  |g Франсуа  |2 stltpush  |3 (RuTPU)RU\TPU\pers\13105  |9 3792 
600 1 |a Смит  |g Адам  |b А.  |c шотландский экономист  |c философ  |f 1723-1790  |2 stltpush  |3 (RuTPU)RU\TPU\pers\647 
600 1 |a Рикардо  |g Давид  |b Д.  |c английский экономист  |f 1772-1823  |2 stltpush  |3 (RuTPU)RU\TPU\pers\307 
600 1 |a Мальтус  |g Томас Роберт  |b Т. Р.  |c английский экономист  |f 1766-1834  |2 stltpush  |3 (RuTPU)RU\TPU\pers\449 
600 1 |a Сэй  |g Жан-Батист  |c французский экономист  |b Ж.-Б.  |f 1767-1832  |2 stltpush  |3 (RuTPU)RU\TPU\pers\948 
600 1 |a Маркс  |g Карл  |b К.  |c немецкий мыслитель  |c общественный деятель  |c основоположник марксизма  |f 1818-1883  |2 stltpush  |3 (RuTPU)RU\TPU\pers\297 
600 1 |a Маршалл  |g Альфред  |b А.  |c английский экономист  |f 1842-1924  |2 stltpush  |3 (RuTPU)RU\TPU\pers\821 
600 1 |a Фридмен (Фридман)  |g Милтон  |b М.  |c американский экономист  |c нобелевский лауреат  |f 1912-  |2 stltpush  |3 (RuTPU)RU\TPU\pers\1278 
600 1 |a Хайек  |g Фридрих Август  |b Ф. А. фон  |c австрийский экономист  |c нобелевский лауреат  |f 1899-1992  |2 stltpush  |3 (RuTPU)RU\TPU\pers\1281 
600 1 |a Кейнс  |g Джон Мейнард  |b Дж. М.  |c английский экономист ипублицист  |c основоположник кейнсианства  |f 1883-1946  |2 stltpush  |3 (RuTPU)RU\TPU\pers\134 
600 1 |a Чаянов  |g Александр Васильевич  |b А. В.  |f 1888-1937  |c российский экономист-аграрник  |c литератор  |2 stltpush  |3 (RuTPU)RU\TPU\pers\1604 
600 1 |a Кондратьев  |g Николай Дмитриевич  |b Н. Д.  |c российский экономист  |f 1892-1938  |2 stltpush  |3 (RuTPU)RU\TPU\pers\934 
610 1 |a экономика 
610 1 |a экономические учения 
610 1 |a история 
610 1 |a меркантилизм 
610 1 |a физиократы 
610 1 |a законы 
610 1 |a экономические школы 
610 1 |a экономические дискуссии 
610 1 |a институциализм 
610 1 |a тесты 
610 1 |a хрестоматии 
610 1 |a учебные пособия 
610 1 |a кейнсианство 
686 |a У02(0)я73  |v LBC/SL-A  |2 rubbk 
700 1 |a Потапова  |b И. С.  |g Ирина Семеновна 
712 0 2 |a Московский государственный индустриальный университет (МГИУ)  |b Институт дистанционного образования  |2 stltpush  |3 (RuTPU)RU\TPU\col\12623 
801 1 |a RU  |b 63413507  |c 20061114  |g PSBO 
801 2 |a RU  |b 63413507  |c 20150506  |g PSBO 
942 |c BK 
959 |a 90/20061025  |d 1  |e 92,00  |f ЧЗГЛ:1 
959 |a 83/20071122  |d 2  |e 110,00  |f АНЛ:2